| 000 | 00300nam a2200109Ia 4500 | ||
|---|---|---|---|
| 008 | 220630s9999 xx 000 0 und d | ||
| 020 | _a978-1-875093-69-4 | ||
| 082 | _a636.70890968 OBER | ||
| 100 | _aOBEREM,PAMELA | ||
| 245 | 2 | _aA GUIDE TO ANIMAL DISEASES IN SOUTH AFRICA CATS AND DOGS | |
| 942 |
_cBK _y561 _zJohn Tresidder |
||
| 999 |
_c681657 _d681656 |
||